Българското село 1931 година (Запис номер 194674)
[ съкратено ]
| 000 -Лидер | |
|---|---|
| Контролно поле с фиксирана дължина | 01483nam a2200349 c 4500 |
| 003 - Код на организацията, давaща контролен номер | |
| Контролно поле | BLK |
| 005 - Дата и час на последна редакция | |
| Контролно поле | 20220217154007.0 |
| 008 - Елементи от данни с фиксирана дължина | |
| fixed length control field | 180411b bul|||||r ||||||| ||bul|| |
| 010 ## - Наследен системен номер | |
| LC control number | KNG00203906000 |
| 040 ## - Източник на каталожния запис | |
| Идентификатор на билиотеката - собственик на записа | BLK |
| 041 ## - Код за език | |
| Код за езика на текст/звукозапис или на отделно заглавие | Български |
| Код за езика КДБФ | Български |
| 080 ## - УДК | |
| Текстов определител УДК | Селско стопанство. Горско стопанство. Лов. Рибно стопанство |
| УДК код - определител по УДК | 63 |
| УДК определител | (497.2) |
| УДК - код + определител | 63(497.2) |
| 080 ## - УДК | |
| Текстов определител УДК | Селски общини. Социология на селото. Аграрна социология |
| УДК код - определител по УДК | 316.334.55 |
| УДК определител | (497.2) |
| УДК - код + определител | 316.334.55(497.2) |
| 139 ## - Редно поле | |
| Редна дума | Българското село 1931 година |
| Авторски знак | Бъл - Б 92 |
| 245 10 - Сведения за заглавието | |
| Заглавие | Българското село 1931 година |
| Подзаглавни данни | Юбил. сб. |
| 257 ## - Страна на издаване | |
| Страна на създаване/издаване | България |
| 260 ## - Област на издателските данни | |
| Име на издателя, разпространителя и проч. | Библ. Нашето село |
| Година на издаване | 1931 |
| Печатница | София : Пряпорец |
| 300 ## - Физическа характеристика | |
| Страници | LXX, 480, 120 с. |
| Илюстрации и др. | с портр. |
| Размери/Мащаб | 38 см |
| 380 ## - Жанр | |
| Жанр | Селско стопанство |
| 650 #4 - Допълнително описание по предмет – тема | |
| Основно описание – тема или топоним | Селско стопанство - България |
| 9 (RLIN) | 269258 |
| 650 #4 - Допълнително описание по предмет – тема | |
| Основно описание – тема или топоним | Села - България - социология |
| 9 (RLIN) | 257352 |
| 650 #4 - Допълнително описание по предмет – тема | |
| Основно описание – тема или топоним | България - стопанство - социология |
| 9 (RLIN) | 271397 |
| 651 #4 - Допълнително описание по предмет - топоним | |
| Географско понятие | България |
| 9 (RLIN) | 241624 |
| 653 ## - Ключова дума – ненормативна | |
| Ключова дума | селско стопанство |
| 653 ## - Ключова дума – ненормативна | |
| Ключова дума | села |
| 653 ## - Ключова дума – ненормативна | |
| Ключова дума | аграрна социология |
| 852 ## - Местоположение | |
| Форматна сигнатура | Цб 6.295.6875 |
| 852 ## - Местоположение | |
| Форматна сигнатура | К 63/Б 92 |
| 856 4# - Електронен адрес и достъп | |
| Електронен формат | pdf - файл |
| 856 4# - Електронен адрес и достъп | |
| Електронен формат | pdf - файл |
| 999 ## - СИСТЕМНИ КОНТРОЛНИ НОМЕРА | |
| Koha biblionumber | 194674 |
| Koha biblioitemnumber | 194674 |
| 942 ## - АРТИКУЛИ | |
| Вид на библиотечния материал | Книги |
| Скрит в OPAC | Не |
| Периодичен библиозапис | Да |
| 944 ## - СЪЗДАВАНЕ И РЕДАКЦИЯ на ЗАПИСА | |
| Създаване/Редакция | Създаване |
| Дата на регистрацията/редакция | 27.03.2017 |
| Статус, дата на статуса | ф / |
| Служител, извършил регистрацията/редакцията | Виолета_Тройчева |
| 944 ## - СЪЗДАВАНЕ И РЕДАКЦИЯ на ЗАПИСА | |
| Създаване/Редакция | Редакция |
| Дата на регистрацията/редакция | 01.12.2017 |
| Статус, дата на статуса | ф / |
| Служител, извършил регистрацията/редакцията | Людмила_Стоянова |
| 999 ## - СИСТЕМНИ КОНТРОЛНИ НОМЕРА | |
| Koha biblioitemnumber | 194674 |
| Код за отписване | Код за изгубен артикул | Код за повреда | Коз за рестрикции | Код за отдаване | Артикулен № | Име на библиотеката - собственик | Име на библиотеката, в която се намира в момента | Статус (Текущо местоположение) | Дата на вписване в системата | Местоположение - отдел | Цена в лева | Инвентарен номер | Систематично азбучна сигнатура | Баркод | Номер на екземпляра | Цена в евро | Служебна бележка | Служебен тип на артикула |
|---|---|---|---|---|---|---|---|---|---|---|---|---|---|---|---|---|---|---|
| Не е изгубен | Не е повреден | без рестрикции | ползва се в читалня | 340349 | Регионална библиотека "Любен Каравелов" Русе | Регионална библиотека "Любен Каравелов" Русе | Краезнание | 2017-03-24 | Краезнание | 50.00 | 120000809437 | К 63/Б 92 | 120000809437 | 1 | 25.56 | Дост: DA Вид: А N: 13 Дата: 24.03.2017 Дата инв: 17.11.2017 Бележки инв: К2017 | Книги |